000 00323nam a22001457a 4500
008 230127b ||||| |||| 00| 0 eng d
020 _a9780205625284
041 _aeng
080 _2SEVENTH EDITION
_a7
082 _a7WEX
100 _a21
101 _aART
245 _aA HISTORY OF FILM
_cWEXMAN W V
942 _2udc
_cBK
999 _c59282
_d59282